00299nam a2200097Ia 4500008004100000245007400041245001600115260000900131650001300140856004800153171211s9999 xx 000 0 und d 4aThe Saint in the Banyan Tree: Christianity and Caste Society in India cDavid Mosse c2012 xReligion uhttp://down.ebook777.com/063/0520273494.pdf